000 00405nam a22001337a 4500
999 _c508608
_d508608
020 _a9788190971973
082 _aB3x54 Ay14
100 _aSridevi Ayaluri
_94043
110 _aK.S. Vijaya Sekhar
_94044
245 _aDigital India in action
_bselected e-Governance initiatives - 2015
_cAyaluri, Sridevi
260 _aHyderabad
_bReligiate interactive
_c2015
300 _a426p.
650 _ae-Governance
_99501